000 00474nam a22001697a 4500
003 NUST - PNEC
005 20170116181011.0
008 150913b xxu||||| |||| 00| 0 eng d
020 _a0673521133
040 _cLIBRARY
082 _a650.02855133 NIC
100 _910206
_a Nickerson, Robert C
245 _a Fundamentals of structured COBOL
_c Nickerson, Robert C
260 _c1991
650 _910203
_aManagement information system
_xMIS
942 _2ddc
_cBK
999 _c67108
_d67108